| 000 | 00944nam a2200253Ia 4500 | ||
|---|---|---|---|
| 003 | OSt | ||
| 005 | 20221005113251.0 | ||
| 006 | a|||||r|||| 00| 0 | ||
| 007 | ta | ||
| 008 | 221004b |||||||| |||| 00| 0 pan d | ||
| 020 |
_a9788130201702 (hbk) _c150 |
||
| 024 | _a2444 | ||
| 037 |
_b694, 16/01/2013, Bright Book Service _cTextual |
||
| 040 |
_aCRL _cCRL _bpan |
||
| 041 |
_2pan _apan |
||
| 082 | _aV236:594wL91, 153Q2 | ||
| 100 |
_aFਮFੇਰ ਸਿੰਘ ਅFੋਕ _9167960 |
||
| 245 | 0 |
_aਵੀਰ ਨਾਇਕ _b ਸਰਦਾਰ ਹਰੀ ਸਿੰਘ ਨਲਵਾ 1791-1837 |
|
| 260 |
_aਪਟਿਆਲਾ _bਪੰਜਾਬੀ ਯੁਨੀਵਰਸਿਟੀ ਭਾਰਤ _c2012 |
||
| 300 |
_a128ਪੰ _ccm. |
||
| 650 |
_aFੲFਣੲਾਂਸ _9624494 |
||
| 942 |
_hV236:594wL91, 153Q2 _cTEXL _2cc |
||
| 999 |
_c1027597 _d1027597 |
||